00463nam a2200193Ia 4500008004100000020001800041050001400059100001900073245002600092245001900118260001500137260001600152260000900168300001500177300002700192300001000219440003200229500000800261170918s9999 xx 000 0 und d a9780545060974 bD869 2008 aDuhamel, Megan aYour skin and bones / cMegan Duhamel. aNew York : bScholastic, c2008 a16 pages : bcolored illustration ; c23cm. aScience vocabulary readers. a440